| 000 | 01185aam a22003611i 4500 | ||
|---|---|---|---|
| 999 |
_c3121 _d3121 |
||
| 001 | 020261784 | ||
| 003 | Uk | ||
| 005 | 20231018121353.0 | ||
| 006 | m || d | | ||
| 007 | cr ||||||||||| | ||
| 008 | 210713s2019 xxk||||jo |||| ||eng | ||
| 015 |
_aGBC1F6459 _2bnb |
||
| 020 | _a9781510447554 | ||
| 040 |
_aUk _beng _cUk _dKH8 |
||
| 041 | 0 |
_aeng _afre |
|
| 042 | _aukblsr | ||
| 082 | 0 | 4 |
_a448.242 CHE _223 |
| 100 | 1 |
_aChevrier-Clarke, Séverine, _eauthor. |
|
| 245 | 1 | 0 |
_aCambridge IGCSE French: _pStudent book / _cSeverine Chevrier-Clarke.. |
| 250 | _aThird edition. | ||
| 264 | 1 |
_aLondon : _bHodder Education, _c2019. |
|
| 300 | _a1 online resource (256 pages). | ||
| 336 |
_atext _2rdacontent |
||
| 337 |
_acomputer _2rdamedia |
||
| 338 |
_aonline resource _2rdacarrier |
||
| 546 | _aText in English and French. | ||
| 650 | 0 |
_aFrench language _vTextbooks for foreign speakers _xEnglish. |
|
| 700 |
_aGilles, Jean-Claude, _eauthor. |
||
| 700 |
_aThathapudi, Kirsty, _eauthor. |
||
| 884 |
_aLDL ebooks ONIX to marcxml transformation using Record_Load-eBooks_Legal_Deposit_onix2marc_v2-1.xsl _g20210713 _kHachetteUK669855 _qUk |
||
| 942 |
_2ddc _cTR |
||